000 00898nam a2200205Ia 4500
008 090124s9999 xx 000 0 und d
020 _a81-88909-14-9
082 _b44422
100 _aसाळी चेतन शंकर
245 _aDICTIONARY OF ART & ARCHITECTURE कला आणि वास्तुशिल्प शब्दकोश
250 _a0
260 _bइंटेलेउायुअल बुक ब्युरो
300 _a215
600 _aसाळी चेतन शंकर
630 _aDICTIONARY OF ART & ARCHITECTURE कला आणि वास्तुशिल्प शब्दकोश
700 _aसाळी चेतन शंकर
700 _aसाळी चेतन शंकर
730 _aDICTIONARY OF ART & ARCHITECTURE कला आणि वास्तुशिल्प शब्दकोश
942 _cBOOK
999 _c110636
_d110636